[Event "4NCL"]
[Site "Barcelo Hotel, Daventry, ENG"]
[Date "2011.03.27"]
[Round "8.38"]
[White "Blake, Morgan"]
[Black "Taylor, Geoffrey P"]
[Result "0-1"]
[WhiteElo "1618"]
[BlackElo "1950"]
[PlyCount "86"]
[EventDate "2011.??.??"]
[WhiteTeam "Sussex Smart Controls"]
[BlackTeam "Gloucestershire Gambits"]

1. d4 d5 2. c4 e6 3. Nc3 Nf6 4. cxd5 exd5 5. Bg5 Be7 6. e3 O-O 7. Bd3 Nbd7 8.
Nf3 Re8 9. Qc2 Nf8 10. O-O c6 11. a3 a5 12. Na4 N6d7 13. Bf4 Ng6 14. Bg3 Nf6
15. Bxg6 hxg6 16. Nc3 Bf5 17. Qb3 Bd3 18. Rfe1 Ba6 19. Rac1 Nh5 20. Na4 Nxg3
21. hxg3 Bb5 22. Nc5 a4 23. Qd1 Qc8 24. Nd3 Bd8 25. Nfe5 Ba5 26. Re2 f6 27.
Nxg6 Qf5 28. Ngf4 g5 29. g4 Qh7 30. Nh5 Qxd3 31. Nxf6+ Kf7 32. Nxe8 Qxd1+ 33.
Rxd1 Bxe2 34. Nd6+ Ke6 35. Rc1 Kxd6 36. f3 Bd2 37. Rc2 Bxe3+ 38. Kh2 Rh8+ 39.
Kg3 Bd3 40. Rc3 Bf4+ 41. Kf2 Bc4 42. g3 Rh2+ 43. Kg1 Bxg3 0-1

[Event "4NCL"]
[Site "Barcelo Hotel, Daventry, ENG"]
[Date "2011.03.27"]
[Round "8.39"]
[White "Savage, Nicholas W"]
[Black "McLaughlin, Noel S"]
[Result "1-0"]
[WhiteElo "2134"]
[BlackElo "2042"]
[PlyCount "159"]
[EventDate "2011.??.??"]
[WhiteTeam "Iceni"]
[BlackTeam "AMCA Rhinos"]

1. d4 g6 2. c4 Bg7 3. Nc3 f5 4. Nf3 Nf6 5. g3 O-O 6. Bg2 d6 7. O-O Nc6 8. d5
Na5 9. Qd3 e5 10. dxe6 Bxe6 11. b3 Nc6 12. Bb2 Ng4 13. Qd2 h6 14. Nd5 Nge5 15.
Nd4 Nxd4 16. Bxd4 c6 17. Nf4 Bf7 18. Bc3 g5 19. Nh3 Re8 20. Rad1 Ng6 21. Bxg7
Kxg7 22. f4 Qb6+ 23. Kh1 g4 24. Nf2 Re3 25. Qb2+ Kg8 26. Rxd6 Rae8 27. Rd2 h5
28. Nd1 R3e7 29. h4 gxh3 30. Bxh3 Qc5 31. Qc2 Re4 32. Bg2 R4e7 33. Bf3 h4 34.
Rg1 Re6 35. gxh4 Qe7 36. e3 Qxh4+ 37. Rh2 Qf6 38. Qb2 Kg7 39. Qxf6+ Kxf6 40.
Kg2 Rd6 41. Kf1 Red8 42. Ke1 Rd3 43. Rf1 b5 44. cxb5 cxb5 45. Rff2 a5 46. Rd2
a4 47. Rxd3 Rxd3 48. Be2 axb3 49. Bxd3 bxa2 50. Rxa2 Bxa2 51. Bxb5 Be6 52. Kd2
Ne7 53. Kc3 Nc8 54. Kd4 Nd6 55. Bd3 Nf7 56. Nc3 Nh6 57. Nb5 Bd7 58. Nd6 Ke7 59.
Nc4 Bb5 60. Ke5 Bxc4 61. Bxc4 Ng4+ 62. Kd4 Kf6 63. Be2 Nh6 64. Bh5 Ng8 65. Kd5
Ne7+ 66. Kd6 Nc8+ 67. Kc7 Ne7 68. Bf3 Ng6 69. Kd7 Nf8+ 70. Kd6 Ng6 71. Bh5 Nh4
72. Kd5 Ng2 73. Kd4 Ke6 74. Kd3 Kf6 75. Ke2 Nh4 76. Kf2 Ng6 77. Bxg6 Kxg6 78.
Ke2 Kf6 79. Kd3 Ke7 80. Kc4 1-0

[Event "4NCL"]
[Site "Barcelo Hotel, Daventry, ENG"]
[Date "2011.03.27"]
[Round "8.39"]
[White "Feavyour, John A"]
[Black "Staples, Daniel J"]
[Result "1-0"]
[WhiteElo "2069"]
[BlackElo "1994"]
[PlyCount "85"]
[EventDate "2011.??.??"]
[WhiteTeam "Iceni"]
[BlackTeam "AMCA Rhinos"]

1. d4 d6 2. Nf3 c6 3. e4 Bg4 4. Be2 Nd7 5. O-O Ngf6 6. Nc3 e5 7. Be3 Be7 8. Qd2
O-O 9. Rad1 Qc7 10. h3 Bh5 11. g4 Bg6 12. Bd3 d5 13. dxe5 dxe4 14. exf6 Nxf6
15. g5 exf3 16. gxf6 Qc8 17. Kh2 Bd6+ 18. Bf4 Qc7 19. Bg3 Rad8 20. fxg7 Rfe8
21. Rg1 Re6 22. Rde1 Bxd3 23. cxd3 Rg6 24. Ne4 Bxg3+ 25. fxg3 Qb6 26. Rgf1 f5
27. Nf2 Qd4 28. Qc3 f4 29. g4 Qd6 30. Qe5 Qd4 31. Qxd4 Rxd4 32. Re4 Rgd6 33.
Re8+ Kxg7 34. Re7+ Kg6 35. Rxb7 Re6 36. Kg1 Re2 37. Rc1 Rd6 38. Kf1 Ree6 39.
Rb4 Kg5 40. Ne4+ Rxe4 41. dxe4 Rd2 42. Rb3 Rh2 43. Rc5+ 1-0

[Event "4NCL"]
[Site "Barcelo Hotel, Daventry, ENG"]
[Date "2011.03.27"]
[Round "8.39"]
[White "Stayt, James N"]
[Black "Ruthen, Stephen W"]
[Result "1/2-1/2"]
[WhiteElo "1975"]
[BlackElo "2066"]
[PlyCount "83"]
[EventDate "2011.??.??"]
[WhiteTeam "AMCA Rhinos"]
[BlackTeam "Iceni"]

1. e4 e5 2. Nf3 Nc6 3. Bb5 Nd4 4. Nxd4 exd4 5. O-O Bc5 6. d3 c6 7. Bc4 d5 8.
exd5 cxd5 9. Bb3 a5 10. Ba4+ Bd7 11. Bxd7+ Qxd7 12. Bf4 Ne7 13. Nd2 O-O 14. Nf3
f6 15. h3 Nc6 16. a3 Qf5 17. Qd2 Ne5 18. Nxe5 fxe5 19. Bg3 e4 20. Qe2 Rae8 21.
dxe4 dxe4 22. Qc4+ Kh8 23. b4 axb4 24. axb4 Bb6 25. Bd6 Rc8 26. Qe2 d3 27. cxd3
exd3 28. Qd1 Rfd8 29. Bg3 h6 30. Qd2 Rc2 31. Qf4 Qxf4 32. Bxf4 Bd4 33. Rab1 Kh7
34. Be3 Bc3 35. Rfd1 b5 36. Kf1 Kg6 37. Bc5 Kf5 38. Be3 Ke4 39. Bc5 d2 40. Ke2
g5 41. Be3 Kf5 42. Bc5 1/2-1/2

[Event "4NCL"]
[Site "Barcelo Hotel, Daventry, ENG"]
[Date "2011.03.27"]
[Round "8.39"]
[White "Downham, Alan F"]
[Black "Tart, Peter K"]
[Result "1/2-1/2"]
[WhiteElo "2024"]
[BlackElo "1940"]
[PlyCount "74"]
[EventDate "2011.??.??"]
[WhiteTeam "Iceni"]
[BlackTeam "AMCA Rhinos"]

1. c4 b6 2. Nc3 Bb7 3. e4 e6 4. d4 Bb4 5. Qc2 Qh4 6. Bd3 f5 7. g3 Qe7 8. Nge2
Nf6 9. Bd2 Bxc3 10. Nxc3 Nc6 11. d5 Nb4 12. Qb1 Nxd3+ 13. Qxd3 exd5 14. cxd5
fxe4 15. Qd4 O-O 16. Bf4 d6 17. O-O-O Qf7 18. Rhe1 Rae8 19. Bg5 Nd7 20. Bf4 Nc5
21. Nxe4 Rxe4 22. Rxe4 Nxe4 23. Qxe4 Re8 24. Qd3 Qh5 25. h4 Qf7 26. Qd2 Qf5 27.
Qd3 Qf7 28. a3 Bc8 29. Kd2 Bf5 30. Qb5 Qe7 31. Kc3 Qe4 32. Rd2 a5 33. Be3 Bg6
34. Qc4 Re7 35. Qxe4 Rxe4 36. Rd4 Re5 37. Bf4 Re7 1/2-1/2

[Event "4NCL"]
[Site "Barcelo Hotel, Daventry, ENG"]
[Date "2011.03.27"]
[Round "8.39"]
[White "Cresswell, Mike J"]
[Black "Donaghay, Richard H"]
[Result "1/2-1/2"]
[WhiteElo "1876"]
[BlackElo "1983"]
[PlyCount "125"]
[EventDate "2011.??.??"]
[WhiteTeam "AMCA Rhinos"]
[BlackTeam "Iceni"]

1. e4 d5 2. d4 dxe4 3. f3 exf3 4. Nxf3 Nf6 5. Be2 Bf5 6. O-O e6 7. c3 Nbd7 8.
Na3 Nb6 9. Nc2 Be7 10. Ne3 Bg6 11. Qe1 c6 12. Ne5 Qc7 13. N3g4 O-O-O 14. h3 Bd6
15. Nxf6 gxf6 16. Rxf6 Bxe5 17. dxe5 Qxe5 18. Rf2 Nd5 19. c4 Ne3 20. Bxe3 Qxe3
21. Bf3 Qxe1+ 22. Rxe1 Rd4 23. Rc1 Rhd8 24. c5 Rd2 25. Rcf1 Kc7 26. Rxd2 Rxd2
27. Rf2 Rxf2 28. Kxf2 e5 29. Ke3 f6 30. h4 Bf7 31. Be4 h6 32. Bb1 Bd5 33. Kf2
a5 34. a3 Kd7 35. b4 axb4 36. axb4 Ke6 37. Bh7 e4 38. Ke3 Ke5 39. g3 f5 40. Bg6
Be6 41. Bh5 Bc4 42. Be2 Bf7 43. Bd1 Bg6 44. Bb3 Bh5 45. Bc4 Bg4 46. Bb3 Kf6 47.
Bc4 Ke7 48. Kd4 Kd7 49. Bb3 Kc7 50. Bc2 b6 51. Bb1 Bd1 52. Ba2 bxc5+ 53. bxc5
Kb7 54. Bc4 Kc7 55. Be6 Bg4 56. Bb3 Kd7 57. Ba4 Bh5 58. Bb3 Ke7 59. Ba4 Be8 60.
Bd1 Kf6 61. Bc2 Bf7 62. Ba4 Bd5 63. Bd1 1/2-1/2

[Event "4NCL"]
[Site "Barcelo Hotel, Daventry, ENG"]
[Date "2011.03.27"]
[Round "8.40"]
[White "Lee, Darren"]
[Black "Smart, Michael R"]
[Result "1/2-1/2"]
[WhiteElo "1887"]
[BlackElo "1993"]
[PlyCount "53"]
[EventDate "2011.??.??"]
[WhiteTeam "Halesowen"]
[BlackTeam "Guildford A&DC 3"]

1. d4 Nf6 2. c4 c5 3. d5 e6 4. Nc3 exd5 5. cxd5 d6 6. e4 g6 7. Bd3 Bg7 8. h3
O-O 9. Nf3 b6 10. Qe2 Re8 11. O-O Bb7 12. Qd1 Ba6 13. Re1 c4 14. Bc2 b5 15. a4
b4 16. Nb5 Bxb5 17. axb5 b3 18. Bb1 Qb6 19. Be3 Qxb5 20. Rxa7 Rxa7 21. Bxa7
Nbd7 22. Nd4 Qa6 23. Nc6 Ne5 24. Nxe5 Qxa7 25. Nxc4 Qc5 26. Nd2 Qd4 27. Re2
1/2-1/2

[Event "4NCL"]
[Site "Barcelo Hotel, Daventry, ENG"]
[Date "2011.03.27"]
[Round "8.41"]
[White "Eden, Tomer"]
[Black "Sedgwick, David R"]
[Result "1-0"]
[WhiteElo "2188"]
[BlackElo "2044"]
[PlyCount "45"]
[EventDate "2011.??.??"]
[WhiteTeam "British Universities CA"]
[BlackTeam "Channel Isolani"]

1. b3 e5 2. Bb2 Nc6 3. e3 Nf6 4. Bb5 d6 5. d4 exd4 6. Qxd4 a6 7. Bxc6+ bxc6 8.
Nc3 Be7 9. Nf3 O-O 10. O-O-O Bf5 11. h3 Nd7 12. g4 Bg6 13. Nd5 f6 14. Nxe7+
Qxe7 15. Nh4 Bf7 16. Nf5 Qe6 17. Qa4 c5 18. Qc6 a5 19. Qxc7 d5 20. Rxd5 Qe4 21.
Rhd1 Bxd5 22. Rxd5 Ne5 23. Qxg7# 1-0

[Event "4NCL"]
[Site "Barcelo Hotel, Daventry, ENG"]
[Date "2011.03.27"]
[Round "8.41"]
[White "Raoof, Adam N"]
[Black "Rowe, Peter"]
[Result "1/2-1/2"]
[WhiteElo "2149"]
[BlackElo "1985"]
[PlyCount "52"]
[EventDate "2011.??.??"]
[WhiteTeam "British Universities CA"]
[BlackTeam "Channel Isolani"]

1. d4 e6 2. e4 c5 3. d5 exd5 4. exd5 d6 5. Nc3 Nf6 6. Nf3 Bg4 7. Be2 Be7 8. Nd2
Bxe2 9. Qxe2 O-O 10. O-O Nbd7 11. Nc4 Nb6 12. Ne3 Re8 13. a4 Bf8 14. Qf3 Nbd7
15. Nc4 Nb6 16. Nxb6 Qxb6 17. a5 Qc7 18. a6 Nd7 19. Bf4 bxa6 20. Rxa6 Qb7 21.
Ra2 Nf6 22. h3 Qb4 23. Rb1 a5 24. Ra4 Qb6 25. Bg5 Nd7 26. Rh4 Be7 1/2-1/2

[Event "4NCL"]
[Site "Barcelo Hotel, Daventry, ENG"]
[Date "2011.03.27"]
[Round "8.41"]
[White "Brookfield, Toby N"]
[Black "Sargent, John R"]
[Result "1-0"]
[WhiteElo "1802"]
[BlackElo "1789"]
[PlyCount "41"]
[EventDate "2011.??.??"]
[WhiteTeam "Channel Isolani"]
[BlackTeam "British Universities CA"]

1. e4 c5 2. Nc3 e6 3. f4 d5 4. d3 Nc6 5. Nf3 g6 6. Be2 Bg7 7. O-O Nge7 8. Qe1
dxe4 9. dxe4 Nd4 10. Bd1 b6 11. e5 Bb7 12. Ne4 Nef5 13. c3 Nxf3+ 14. Bxf3 O-O
15. g4 Nh6 16. Nf6+ Bxf6 17. Bxb7 Bh4 18. Qe2 Rb8 19. Bg2 Be7 20. f5 Bg5 21.
Rd1 1-0

[Event "4NCL"]
[Site "Barcelo Hotel, Daventry, ENG"]
[Date "2011.03.27"]
[Round "8.41"]
[White "Carr, Matthew"]
[Black "Smith, David"]
[Result "1-0"]
[WhiteElo "1698"]
[BlackElo "1775"]
[PlyCount "81"]
[EventDate "2011.??.??"]
[WhiteTeam "British Universities CA"]
[BlackTeam "Channel Isolani"]

1. e4 c6 2. d4 d5 3. e5 Bf5 4. Nc3 e6 5. Bd3 Bxd3 6. Qxd3 Qb6 7. Nge2 Nd7 8.
O-O Ne7 9. a3 Nf5 10. Be3 a6 11. b4 Qc7 12. f4 Nb6 13. g4 Nxe3 14. Qxe3 g6 15.
f5 gxf5 16. gxf5 O-O-O 17. fxe6 fxe6 18. Qh3 Re8 19. Rf6 Qd7 20. Nf4 Be7 21.
Rxe6 Nc4 22. Na4 Rhf8 23. Nc5 Bxc5 24. Rxe8+ Rxe8 25. Qxd7+ Kxd7 26. bxc5 Rf8
27. Nh5 Ke6 28. Rb1 Rf7 29. Rb3 Nd2 30. Rd3 Nf3+ 31. Kh1 Ne1 32. Rg3 Nxc2 33.
Ng7+ Ke7 34. e6 Rf4 35. Rb3 b5 36. cxb6 Rf8 37. b7 Rb8 38. Rf3 Nxd4 39. Rf7+
Kd6 40. Rd7+ Kc5 41. e7 1-0

[Event "4NCL"]
[Site "Barcelo Hotel, Daventry, ENG"]
[Date "2011.03.27"]
[Round "8.42"]
[White "Flynn, David"]
[Black "Quinn, Joseph R"]
[Result "1/2-1/2"]
[WhiteElo "2037"]
[BlackElo "1828"]
[PlyCount "58"]
[EventDate "2011.??.??"]
[WhiteTeam "e2e4.org.uk 3"]
[BlackTeam "Guildford A&DC 4"]

1. e4 e5 2. Nf3 Nc6 3. Bb5 a6 4. Ba4 Nf6 5. O-O Be7 6. Re1 b5 7. Bb3 O-O 8. c3
d5 9. exd5 Nxd5 10. Nxe5 Nxe5 11. Rxe5 c6 12. d4 Bd6 13. Re1 Qh4 14. g3 Qh3 15.
Bxd5 cxd5 16. Qf3 Be6 17. Be3 Rae8 18. Nd2 Bg4 19. Qg2 Qh5 20. f3 Bh3 21. Qf2
f5 22. f4 Bg4 23. Qg2 Qf7 24. Bf2 g5 25. Rxe8 Rxe8 26. Re1 Rxe1+ 27. Bxe1 gxf4
28. gxf4 Qe6 29. Bg3 Qe3+ 1/2-1/2

[Event "4NCL"]
[Site "Barcelo Hotel, Daventry, ENG"]
[Date "2011.03.27"]
[Round "8.42"]
[White "Burke, Steven J"]
[Black "Yiamakis, Albert"]
[Result "1-0"]
[WhiteElo "2040"]
[BlackElo "1736"]
[PlyCount "57"]
[EventDate "2011.??.??"]
[WhiteTeam "e2e4.org.uk 3"]
[BlackTeam "Guildford A&DC 4"]

1. f4 d5 2. Nf3 g6 3. g3 Bg7 4. Bg2 Nf6 5. d3 O-O 6. c3 c5 7. O-O Nc6 8. Na3
Re8 9. Nh4 e5 10. f5 Qb6 11. Kh1 Bd7 12. e4 dxe4 13. dxe4 Rad8 14. Qe2 Na5 15.
Be3 Qc7 16. Bg5 Qb6 17. Rab1 gxf5 18. Nxf5 Bxf5 19. Rxf5 Re6 20. Rbf1 a6 21.
Bh3 Rdd6 22. R5f2 Re8 23. Bf5 h6 24. Be3 Qc6 25. Bc1 Red8 26. b4 cxb4 27. cxb4
Rd3 28. bxa5 Rxa3 29. Bxa3 1-0

[Event "4NCL"]
[Site "Barcelo Hotel, Daventry, ENG"]
[Date "2011.03.27"]
[Round "8.42"]
[White "Gunn, Michael J"]
[Black "Truman, Richard G"]
[Result "1/2-1/2"]
[WhiteElo "1781"]
[BlackElo "2008"]
[PlyCount "53"]
[EventDate "2011.??.??"]
[WhiteTeam "Guildford A&DC 4"]
[BlackTeam "e2e4.org.uk 3"]

1. c4 g6 2. g3 Bg7 3. Bg2 Nf6 4. Nc3 O-O 5. e4 d6 6. Nge2 c5 7. d3 Nc6 8. O-O
Rb8 9. Rb1 a6 10. f4 Bd7 11. Nd5 e6 12. Ne3 b5 13. b3 Ne8 14. Bb2 Nd4 15. Nxd4
cxd4 16. Nc2 f5 17. exf5 gxf5 18. Qe2 Qc7 19. Bxd4 Bxd4+ 20. Nxd4 Qc5 21. Qf2
bxc4 22. dxc4 Nf6 23. Rbe1 Ng4 24. Nxe6 Qxf2+ 25. Rxf2 Bxe6 26. Rd2 Bc8 27.
Rxd6 1/2-1/2

[Event "4NCL"]
[Site "Barcelo Hotel, Daventry, ENG"]
[Date "2011.03.27"]
[Round "8.44"]
[White "Freeman, Richard CP"]
[Black "Malhotra, Tarun"]
[Result "0-1"]
[WhiteElo "2039"]
[BlackElo "1954"]
[PlyCount "90"]
[EventDate "2011.??.??"]
[WhiteTeam "FCA Solutions 2"]
[BlackTeam "AMCA Hippos"]

1. c4 Nf6 2. g3 g6 3. Bg2 Bg7 4. Nc3 d6 5. e4 c5 6. Nge2 Nc6 7. d3 a6 8. a4 e6
9. O-O O-O 10. h3 Ne8 11. Rb1 Nc7 12. Be3 e5 13. Nd5 Ne6 14. b4 Ncd4 15. bxc5
dxc5 16. Nec3 Rb8 17. Nb6 Bd7 18. Nxd7 Qxd7 19. Nd5 Rbe8 20. f4 exf4 21. gxf4
f5 22. e5 Rb8 23. Rb6 g5 24. fxg5 Bxe5 25. Qh5 Ng7 26. Qd1 Nde6 27. h4 Qf7 28.
Nf4 Bxf4 29. Rxf4 Qc7 30. Rxe6 Nxe6 31. Bd5 Rbe8 32. Qf3 Kh8 33. Bd2 Qe5 34.
Bxe6 Rxe6 35. Qxb7 Qa1+ 36. Rf1 Qd4+ 37. Kh1 Qxh4+ 38. Kg1 Qd4+ 39. Kh1 Re2 40.
Bf4 Qxd3 41. Qd5 Qe4+ 42. Kg1 Rg2+ 43. Kh1 Rf2+ 44. Qxe4 Rxf1+ 45. Kg2 fxe4 0-1

[Event "4NCL"]
[Site "Barcelo Hotel, Daventry, ENG"]
[Date "2011.03.27"]
[Round "8.44"]
[White "Wadsworth, Matthew J"]
[Black "Elwin, Adrian G"]
[Result "1-0"]
[WhiteElo "1921"]
[BlackElo "1990"]
[PlyCount "97"]
[EventDate "2011.??.??"]
[WhiteTeam "AMCA Hippos"]
[BlackTeam "FCA Solutions 2"]

1. c4 c5 2. g3 Nc6 3. Bg2 g6 4. Nc3 Bg7 5. a3 e6 6. Rb1 a5 7. e4 Nge7 8. Nge2
O-O 9. O-O d6 10. d3 Nd4 11. Nxd4 cxd4 12. Ne2 e5 13. f4 Rb8 14. b4 axb4 15.
axb4 b5 16. cxb5 Rxb5 17. Bd2 Be6 18. Qc2 f5 19. fxe5 dxe5 20. Rfc1 fxe4 21.
Bxe4 Nd5 22. Qc6 Rb6 23. Qc5 Qd6 24. b5 Qxc5 25. Rxc5 Nf6 26. Ba5 Nxe4 27. dxe4
Rb7 28. Rc7 Rbb8 29. b6 Bg4 30. Re1 Bh6 31. Nc1 Be3+ 32. Rxe3 dxe3 33. Nd3 Ra8
34. Ra7 Rad8 35. h3 Be2 36. Ne1 Rf1+ 37. Kh2 Rff8 38. b7 Rd7 39. b8=Q Rxb8 40.
Rxd7 Rb2 41. Kg1 g5 42. Rd5 g4 43. hxg4 Bxg4 44. Rxe5 Kf7 45. Rd5 Be6 46. Rd3
e2 47. Kf2 Rb5 48. Bc3 Rh5 49. Nf3 1-0

[Event "4NCL"]
[Site "Barcelo Hotel, Daventry, ENG"]
[Date "2011.03.27"]
[Round "8.44"]
[White "Adebajo, Olufemi"]
[Black "Lawson, Maurice E"]
[Result "0-1"]
[WhiteElo "1971"]
[BlackElo "1832"]
[PlyCount "128"]
[EventDate "2011.??.??"]
[WhiteTeam "FCA Solutions 2"]
[BlackTeam "AMCA Hippos"]

1. e4 c6 2. Nc3 d5 3. Nf3 dxe4 4. Nxe4 Nd7 5. Bc4 e6 6. Qe2 Nb6 7. Bb3 h6 8. d4
Nf6 9. Nxf6+ Qxf6 10. O-O Bd6 11. c4 Bf4 12. c5 Bxc1 13. Raxc1 Nd5 14. Bxd5
cxd5 15. Qb5+ Kf8 16. Ne5 Qe7 17. Rc3 Qe8 18. Qb4 Kg8 19. Rg3 Kh7 20. Qc3 Rf8
21. Qd2 Bd7 22. Rc1 f5 23. f4 Rc8 24. Qa5 a6 25. Re1 Bc6 26. Qd2 Qd8 27. b4 Rf6
28. Qd1 a5 29. a3 axb4 30. axb4 Bb5 31. Ra3 Ra8 32. Qb3 Ra6 33. Rea1 Rf8 34.
Rxa6 bxa6 35. c6 Qb6 36. Rc1 Qxd4+ 37. Kh1 Qxf4 38. Qb2 Rc8 39. h3 d4 40. Rc5
Qf1+ 41. Kh2 Qf4+ 42. g3 Qe4 43. Qd2 Bxc6 44. Nxc6 Rxc6 45. Rxc6 Qxc6 46. Qxd4
Qe4 47. Qd6 Qe2+ 48. Kg1 Qc4 49. h4 Qc1+ 50. Kf2 Qb2+ 51. Kg1 e5 52. Qf8 Qd4+
53. Kg2 Qg4 54. Kf2 f4 55. gxf4 Qxh4+ 56. Ke2 Qh2+ 57. Kd3 Qxf4 58. Qe7 e4+ 59.
Kc4 e3+ 60. Kd3 h5 61. Qb7 h4 62. Qd5 g6 63. Qb7+ Kh6 64. Qc8 Qf5+ 0-1

[Event "4NCL"]
[Site "Barcelo Hotel, Daventry, ENG"]
[Date "2011.03.27"]
[Round "8.44"]
[White "Kane, Robert"]
[Black "Majer, Chris E"]
[Result "1-0"]
[WhiteElo "1878"]
[BlackElo "2050"]
[PlyCount "79"]
[EventDate "2011.??.??"]
[WhiteTeam "AMCA Hippos"]
[BlackTeam "FCA Solutions 2"]

1. d4 Nf6 2. Nf3 c5 3. e3 cxd4 4. exd4 d5 5. c4 e6 6. Nc3 Bb4 7. Qb3 Nc6 8. Bd3
dxc4 9. Qxc4 Nd5 10. Bc2 Be7 11. a3 Nxc3 12. bxc3 Qd5 13. Qd3 Na5 14. Ba4+ Bd7
15. c4 Qd6 16. c5 Qd5 17. Bxd7+ Qxd7 18. Ne5 Qc7 19. Qb5+ Nc6 20. Rb1 Kf8 21.
Nxc6 bxc6 22. Qb7 Qxb7 23. Rxb7 Bf6 24. Be3 g6 25. Ke2 Kg7 26. Rhb1 Rhd8 27.
Rc7 Rab8 28. Rxb8 Rxb8 29. Rxa7 Rb3 30. Kd2 e5 31. Kc2 Rb5 32. a4 Rb4 33. dxe5
Bxe5 34. a5 Rb2+ 35. Kc1 Ra2 36. a6 h6 37. h4 h5 38. Ra8 Kh7 39. a7 Kg7 40. Re8
1-0

[Event "4NCL"]
[Site "Barcelo Hotel, Daventry, ENG"]
[Date "2011.03.27"]
[Round "8.45"]
[White "Friar, Jim A"]
[Black "Livesey, R Nigel"]
[Result "0-1"]
[WhiteElo "1954"]
[BlackElo "1884"]
[PlyCount "72"]
[EventDate "2011.??.??"]
[WhiteTeam "Celtic Tigers 2"]
[BlackTeam "e2e4.org.uk 4"]

1. e4 g6 2. d4 Bg7 3. Nc3 d6 4. Be2 Nf6 5. h4 h5 6. Bf3 Nc6 7. Bg5 Ng4 8. Nge2
f6 9. Be3 Nxe3 10. fxe3 e5 11. O-O O-O 12. Ng3 Bh6 13. Qd3 Kg7 14. Nd5 Ne7 15.
Qc3 c6 16. Nxe7 Qxe7 17. Rad1 Be6 18. b3 Rac8 19. Qd3 Rcd8 20. c4 c5 21. Qc3
Kh7 22. b4 cxb4 23. Qb3 Rc8 24. d5 Bd7 25. Kf2 f5 26. Rh1 a5 27. Ke2 f4 28. Nf1
b5 29. cxb5 Bxb5+ 30. Ke1 Rc3 31. Qb2 Rfc8 32. exf4 Rc2 33. Qb1 Bxf1 34. Kxf1
Qc7 35. Be2 Qc3 36. Re1 Bxf4 0-1

[Event "4NCL"]
[Site "Barcelo Hotel, Daventry, ENG"]
[Date "2011.03.27"]
[Round "8.45"]
[White "Booley, Graham M"]
[Black "Evans, Craig"]
[Result "0-1"]
[WhiteElo "1790"]
[BlackElo "2026"]
[PlyCount "116"]
[EventDate "2011.??.??"]
[WhiteTeam "e2e4.org.uk 4"]
[BlackTeam "Celtic Tigers 2"]

1. e4 Nf6 2. e5 Nd5 3. d4 d6 4. exd6 cxd6 5. c3 Bf5 6. Qf3 e6 7. Bc4 Qe7 8.
Bxd5 exd5+ 9. Qe2 Nc6 10. Bg5 Qe6 11. Nd2 Rc8 12. Ngf3 h6 13. Be3 Be7 14. O-O
a6 15. Rfe1 O-O 16. Nf1 Qg6 17. Qd2 Be4 18. Ng3 f5 19. Bf4 Qf7 20. Qd1 g5 21.
Bc1 Qg6 22. Nd2 Bd3 23. Qf3 Be4 24. Qh5 Qg7 25. f3 Bc2 26. Re6 Kh7 27. Ndf1 f4
28. Qg4 fxg3 29. Nxg3 Rce8 30. Bd2 Nd8 31. Re2 Bd3 32. Re3 Bg6 33. Rae1 Qf7 34.
Qd7 Bf6 35. Qxd6 Rxe3 36. Rxe3 Nc6 37. Re1 h5 38. Re6 Rd8 39. Rxf6 Rxd6 40.
Rxf7+ Bxf7 41. Bxg5 Kg6 42. h4 Be6 43. Ne2 Bf7 44. Kf2 Nd8 45. Bf4 Rc6 46. Ng3
Rb6 47. b3 Rc6 48. Bd2 Ne6 49. f4 Ng7 50. Ne2 Nf5 51. g3 Nd6 52. Kf3 Be6 53.
f5+ Kxf5 54. Nf4 Bf7 55. Ne2 Ne4 56. Be1 b5 57. b4 Rc8 58. a3 Rc6 0-1

[Event "4NCL"]
[Site "Barcelo Hotel, Daventry, ENG"]
[Date "2011.03.27"]
[Round "8.45"]
[White "Wagner, Guy"]
[Black "Fernandez, Michael H"]
[Result "1-0"]
[WhiteElo "1900"]
[BlackElo "1758"]
[PlyCount "61"]
[EventDate "2011.??.??"]
[WhiteTeam "Celtic Tigers 2"]
[BlackTeam "e2e4.org.uk 4"]

1. d4 Nf6 2. Bg5 c5 3. Bxf6 gxf6 4. d5 f5 5. g3 Bg7 6. c3 d6 7. Bg2 Nd7 8. Nd2
b5 9. Qc2 Nb6 10. Nh3 Rb8 11. O-O e6 12. dxe6 fxe6 13. e4 fxe4 14. Nxe4 Qc7 15.
Qe2 a6 16. Qh5+ Kf8 17. Neg5 h6 18. f4 Qe7 19. Nf3 Qf7 20. Qg4 Nd5 21. Nfg5
hxg5 22. fxg5 Nf6 23. gxf6 Bxf6 24. Rxf6 Qxf6 25. Rf1 Qxf1+ 26. Bxf1 Rb7 27.
Qf4+ Ke7 28. Bg2 Rd7 29. Qg5+ Kf7 30. Nf4 Rg8 31. Qh5+ 1-0

[Event "4NCL"]
[Site "Barcelo Hotel, Daventry, ENG"]
[Date "2011.03.27"]
[Round "8.45"]
[White "Friar, James P"]
[Black "Fowler, David J"]
[Result "0-1"]
[WhiteElo "1690"]
[BlackElo "1719"]
[PlyCount "84"]
[EventDate "2011.??.??"]
[WhiteTeam "Celtic Tigers 2"]
[BlackTeam "e2e4.org.uk 4"]

1. b3 d5 2. Bb2 Nf6 3. Nf3 c5 4. e3 Bg4 5. h3 Bh5 6. Be2 Bxf3 7. Bxf3 e6 8. O-O
Bd6 9. c4 Nc6 10. cxd5 exd5 11. Nc3 Be5 12. Re1 O-O 13. Rc1 Qd7 14. Ba3 b6 15.
d4 cxd4 16. Bxf8 dxc3 17. Ba3 a5 18. Bg4 Nxg4 19. Qxg4 Qxg4 20. hxg4 g6 21. f4
Bg7 22. Red1 Rd8 23. Rd3 Nb4 24. Bxb4 axb4 25. Kf2 f5 26. g5 Kf7 27. Kf3 Ke6
28. g4 d4 29. exd4 Rxd4 30. Re3+ Kd7 31. gxf5 gxf5 32. Rce1 Kc6 33. Re7 Rd7 34.
R1e6+ Rd6 35. Rxd6+ Kxd6 36. Re8 c2 37. Rc8 Bc3 38. Rd8+ Ke7 39. Rd3 c1=Q 40.
Re3+ Kd7 41. Re2 Qd1 42. g6 hxg6 0-1

[Event "4NCL"]
[Site "Barcelo Hotel, Daventry, ENG"]
[Date "2011.03.27"]
[Round "8.47"]
[White "Taylor, Adam C"]
[Black "Foster, Chantelle L"]
[Result "0-1"]
[WhiteElo "1634"]
[BlackElo "1701"]
[PlyCount "114"]
[EventDate "2011.??.??"]
[WhiteTeam "SCS"]
[BlackTeam "Oxford 3"]

1. e4 c5 2. Nf3 d6 3. d4 cxd4 4. Nxd4 Nf6 5. Bd3 g6 6. c4 Bg7 7. Nc3 O-O 8. O-O
Nc6 9. Nc2 Ng4 10. Be2 Nge5 11. Be3 Na5 12. c5 Nac4 13. cxd6 Nxb2 14. dxe7 Qxe7
15. Nd5 Qd8 16. Qc1 Nc6 17. Rb1 Na4 18. Rd1 Qa5 19. Rb5 Nc3 20. Nxc3 Qxc3 21.
Bd2 Nd4 22. Nxd4 Qxd4 23. Bb4 Qxe4 24. Bd3 Qc6 25. Bxf8 Bxf8 26. Qxc6 bxc6 27.
Rb2 Be6 28. Be4 Rc8 29. a4 a5 30. Rb6 c5 31. Bd5 Bxd5 32. Rxd5 c4 33. Rd1 c3
34. Rc1 Bb4 35. Rc2 Rd8 36. Kf1 Rd1+ 37. Ke2 Ra1 38. Kd3 Rxa4 39. h3 Ra1 40. f3
Rd1+ 41. Ke2 Rd4 42. Ra6 Kg7 43. g4 g5 44. Ke3 Rd1 45. Kf2 Rb1 46. Rc6 Rb2 47.
Re2 a4 48. Ke3 a3 49. Re1 c2 50. Rc1 a2 51. Ra6 Rb1 52. Rxc2 a1=Q 53. Rxa1 Rxa1
54. Rc4 Bd6 55. Ke4 Bf4 56. h4 Re1+ 57. Kf5 Re5# 0-1

[Event "4NCL"]
[Site "Barcelo Hotel, Daventry, ENG"]
[Date "2011.03.27"]
[Round "8.48"]
[White "Vikanis, Georgs"]
[Black "Ertbjerg, Andreas"]
[Result "1-0"]
[WhiteElo "2042"]
[BlackElo "2031"]
[PlyCount "69"]
[EventDate "2011.??.??"]
[WhiteTeam "Banbury Bulldogs"]
[BlackTeam "UCL"]

1. Nf3 d5 2. c4 e6 3. e3 Nf6 4. d4 Be7 5. Bd2 O-O 6. Qc2 Nbd7 7. b4 Ne4 8. a3
f5 9. Nc3 Ndf6 10. Ne2 Ng4 11. h3 Ngxf2 12. Rg1 Bg5 13. Bc1 a5 14. Rb1 Bd7 15.
b5 c6 16. bxc6 Bxc6 17. Nf4 Re8 18. g3 Rc8 19. c5 Qf6 20. Rg2 Bxf4 21. exf4
Nxh3 22. Rh2 g5 23. Bxh3 g4 24. Bxg4 fxg4 25. Ne5 Rb8 26. Rh4 Kh8 27. Qh2 Qf5
28. Rh5 Ng5 29. Rxg5 Qe4+ 30. Qe2 Qh1+ 31. Kd2 h6 32. Nf7+ Kh7 33. Qd3+ Qe4 34.
Qxe4+ dxe4 35. Rxg4 1-0